UBT Library

A vezetés új horizontja / (Record no. 57)

000 -LEADER
fixed length control field 00483nam a22001577a 4500
008 - FIXED-LENGTH DATA ELEMENTS--GENERAL INFORMATION
fixed length control field 131009b xxu||||| |||| 00| 0 hun d
041 0# - LANGUAGE CODE
Language code of text/sound track or separate title hun
080 ## - UNIVERSAL DECIMAL CLASSIFICATION NUMBER
Universal Decimal Classification number 007
100 1# - Rafti
Rafti Hanika, F. de P.
245 10 - TITLE STATEMENT
Title A vezetés új horizontja /
Statement of responsibility, etc F. de P. Hanika
260 ## -
-- Budapest :
-- Közgazdasági és Jogi Könyvkiadó ;
-- 1970
300 ## -
-- 124 f. :
-- me il. ;
-- 20 cm.
500 ## -
-- Előszó : f. [VII] - [VIII]
650 ## -
-- Kibernetika
942 ## - ADDED ENTRY ELEMENTS (KOHA)
Source of classification or shelving scheme
Item type Books
Holdings
Withdrawn status Lost status Source of classification or shelving scheme Damaged status Not for loan Collection code Permanent location Current location Shelving location Date acquired Total Checkouts Full call number Barcode Date last seen Price effective from Koha item type
          Koleksioni i përgjithshem UBT - Prishtine UBT - Prishtine Koleksioni i përgjithshem 10/09/2013   007 HAN 001-000047 10/09/2013 10/09/2013 Books
UBT Library © 2015-2024. All rights reserved University Education for Business and Technology